Score 0/25 Timer 08:00
2 Plays Today
% Correct
Deadpool
92.4%
Jurassic Park
88.3%
Inside Out
87.3%
Men in Black
84.1%
Alice in Wonderland
75.8%
Zootopia
72%
The Revenant
69.3%
Mission: Impossible – Ghost Protocol
67.8%
Creed
62.4%
Hook
54%
The Rocky Horror Picture Show
50.4%
Van Helsing
44.2%
Paul
41.5%
% Correct
Now You See Me
40.3%
Scream
36.8%
Wild
35.5%
Room
35.4%
To Kill a Mockingbird
34.5%
Crash
33.2%
Love Actually
27.2%
Atonement
23.2%
Dirty Rotten Scoundrels
19.9%
Dazed and Confused
19.3%
Blade Runner
18.8%
Revolutionary Road
14.6%
Remove Ads.
Support Sporcle.
Get the best of Sporcle when you Go Orange. This ad-free experience offers more features, more stats, and more fun while also helping to support Sporcle. Thank you for becoming a member.

You're not logged in!

Compare scores with friends on all Sporcle quizzes.
OR
Log In

Show Comments

Extras

Top Quizzes Today


Score Distribution

Your Account Isn't Verified!

In order to create a playlist on Sporcle, you need to verify the email address you used during registration. Go to your Sporcle Settings to finish the process.

Report this User

Report this user for behavior that violates our Community Guidelines.

Details: